000 00568nam a2200217Ii 4500
003 JO-AjNU
008 230606s9999||||xx |||||||||||||| ||und||
020 _a0-19-80691-9
040 _aJO-AjNU
_beng
_erda
_cJO-AjNU
041 _aeng
050 1 4 _aTA642.2014
100 3 _aVamoorthy,Thanda,
_eauthor
_93969
245 0 0 _aStructural Analysis
250 _a1 ed
264 3 1 _aOXFORD,2014
300 _a1336p
336 _atext
_btxt
_2rdacontent
337 _aunmediated
_bn
_2rdamedia
338 _avolume
_bnc
_2rdacarrier
650 4 _aStructural Analysis
_93970
999 _aE2068
_c2067
_d2067